Economic theory in retrospect

محفوظ في:
التفاصيل البيبلوغرافية
المؤلف الرئيسي: Mark Blaug
التنسيق: كتاب
منشور في: London : Heinemann Educational Books, 1977
الطبعة:2nd ed.
الموضوعات:
الوسوم: إضافة وسم
لا توجد وسوم, كن أول من يضع وسما على هذه التسجيلة!

MARC

LEADER 00000nam a2200000 4500
020 |a 0435840800  |c NA 
040 |a MUL  |b eng.  |e AACR 
082 |a 330.1 BLA 
100 |a Mark Blaug 
245 |a Economic theory in retrospect  |c / Mark Blaug 
250 |a 2nd ed. 
260 |a London :  |b Heinemann Educational Books,   |c 1977 
300 |a xxiv, 710 p. :  |b ill. ;  |c 24 cm. 
504 |a Includes references and index. 
546 |a eng. 
650 |a Economics History 
650 |a Economics 
942 |c BK 
999 |c 9436  |d 9436